| 000 | 01032nas a2200301 4500 | ||
|---|---|---|---|
| 001 | BR8001565 | ||
| 003 | BR-BrBNA | ||
| 005 | 20231205084237.0 | ||
| 007 | ta | ||
| 008 | 230509b bl.|||p| |||| 00| 00por d | ||
| 040 |
_aBR-BrBNA _bpor _cBiblioteca Nacional de Agricultura |
||
| 041 | _a(Pt) | ||
| 072 | _aF60; F00 | ||
| 100 | 1 | _aAmaral, A. dos S. | |
| 100 | 1 | _aSantos, A.M. dos | |
| 111 | 1 |
_a17. Congresso da Sociedade de Olericultura do Brasil _cJuazeiro, BA (Brazil) _dJul 1977 |
|
| 245 | 1 | _aComposicao de metodos de extracao de sementes de tomate (Lycopersicon esculentum mill) | |
| 246 | 1 | _a[Comparing methods for extraction of tomato seeds [Lycopersicon esculentum mill]] | |
| 650 | _aFisiologia vegetal | ||
| 650 | _aProducao vegetal | ||
| 650 | _aTomate | ||
| 650 | _aSemente | ||
| 650 | _aGerminacao | ||
| 650 | _aPoder germinativo | ||
| 773 | 0 |
_tTecnologia de Sementes (Brazil) _xISSN 0100-3666 _g(Mar 1979), v. 2(1) p. 7-11 _wBR8001565 |
|
| 909 |
_a202311 _bLúcia _c55 _dLúcia Elande |
||
| 942 |
_2AGRIS _n0 _cANA |
||
| 999 |
_c103985 _d103985 |
||